Missing Word: Greek Tragedies Quiz Stats

 Plays Quiz not verified by Sporcle

Challenge
Share
Tweet
Embed
Score 0/10 Timer 01:30
0 Plays Today
Tragedy Missing Word % Correct
Oedipus ___Rex
95%
Seven against ____Thebes
64%
The Trojan ___Women
60%
Prometheus ___Bound
59%
Oedipus at ____Colonus
54%
The ____ BearersLibation
44%
Iphigenia at ___Aulis
43.5%
Iphigenia in ___Tauris
33%
The Women of ___Trachis
23%
____ WomenPhoenician
14.1%

You're not logged in!

Compare scores with friends on all Sporcle quizzes.
Join for Free
OR
Log In

You Might Also Like...

Show Comments

Extras

Top Quizzes Today


Score Distribution

Your Account Isn't Verified!

In order to create a playlist on Sporcle, you need to verify the email address you used during registration. Go to your Sporcle Settings to finish the process.

Report this User

Report this user for behavior that violates our Community Guidelines.

Details: